000
00315nam a22001337a 4500
020
_q
PB.
040
_c
FIZZA ISHAQ
082
_a
628.144
_b
RGU
100
_a
GUPTA,R.
_9
91648
245
_a
ANALYSIS OF WATER DISTRIBUTION NETWORKS /
_c
R.GUPTA.
260
_a
NAROSA ;
_c
2015.
300
_a
515 P. ;
942
_2
ddc
_c
BK
999
_c
589784
_d
589784